000 00788nam a2200265 a 4500
003 AR-BaBNM
005 20251128203708.0
008 082120s2002 ||||||||||||||000 | spa||
020 _a950-9168-28-9
040 _cAR-BaBNM
100 1 _aUhart de Baeza, Norma Lucía
245 0 0 _aEl trabajo en el aula taller
_bactividades para la redacción
260 _aBuenos Aires
_bEdiciones Renglón
_c1987
300 _a110 p.
_bil., diagr.
504 _aBibliografía: p. 107
650 4 _aREDACCION
650 4 _aENSEÑANZA DE LA ESCRITURA
650 4 _aACTIVIDADES DE APRENDIZAJE
650 4 _aTALLERES [METODO PEDAGOGICO]
653 _aENSENANZA DE LA LENGUA
653 _aAULA-TALLER
700 1 _aBegher de Castagnola, Eleonora M. del Carmen
942 _cBK
998 _cSILVI
999 _c4521
_d4521